|
|
|
|
| LEADER |
02467nam a2200433 a 4500 |
| 001 |
EBC3037822 |
| 003 |
MiAaPQ |
| 005 |
20200520144314.0 |
| 006 |
m o d | |
| 007 |
cr cn||||||||| |
| 008 |
100417s2010 txuacf sb 001 0deng d |
| 010 |
|
|
|z 2010016587
|
| 020 |
|
|
|z 9781603442176 (hc stamped with jacket : alk. paper)
|
| 020 |
|
|
|z 1603442170 (hc stamped with jacket : alk. paper)
|
| 020 |
|
|
|a 9781603442473 (electronic bk.)
|
| 035 |
|
|
|a (MiAaPQ)EBC3037822
|
| 035 |
|
|
|a (Au-PeEL)EBL3037822
|
| 035 |
|
|
|a (CaPaEBR)ebr10432083
|
| 035 |
|
|
|a (CaONFJC)MIL438360
|
| 035 |
|
|
|a (OCoLC)923699525
|
| 040 |
|
|
|a MiAaPQ
|c MiAaPQ
|d MiAaPQ
|
| 043 |
|
|
|a n-us-tx
|
| 050 |
|
4 |
|a HC110.E5
|b S395 2010
|
| 082 |
0 |
4 |
|a 338.9/27092
|2 22
|
| 100 |
1 |
|
|a Schmandt, Jurgen.
|
| 245 |
1 |
0 |
|a George Mitchell and the idea of sustainability
|h [electronic resource] /
|c Jurgen Schmandt.
|
| 250 |
|
|
|a 1st ed.
|
| 260 |
|
|
|a College Station :
|b Texas A&M University Press,
|c c2010.
|
| 300 |
|
|
|a xviii, 166 p., [8] p. of plates :
|b ill., ports.
|
| 504 |
|
|
|a Includes bibliographical references and index.
|
| 505 |
0 |
|
|a Introduction : the idea of sustainability -- George P. Mitchell -- The history of sustainability -- The need for sustainable development -- The Club of Rome -- Early Woodlands Conferences -- Washington takes note -- The Mitchell Center, 1984-2001 -- National Academy of Sciences -- The new Houston Advanced Research Center (HARC) -- The Mitchell paradox -- Mitchell's impact and legacy -- Appendix 1. Laureates of the International George and Cynthia Mitchell Prize for Sustainable Development -- Appendix 2. Conferences sponsored by George P. Mitchell -- Appendix 3. Conference proceedings, books, and reports from the Woodlands Conferences and the Mitchell Center -- Appendix 4. Transition to sustainability, statement of the 1997 Woodlands Conference -- Appendix 5. Club of Rome Lifetime Achievement Award for George and Cynthia Mitchell.
|
| 533 |
|
|
|a Electronic reproduction. Ann Arbor, MI : ProQuest, 2015. Available via World Wide Web. Access may be limited to ProQuest affiliated libraries.
|
| 600 |
1 |
0 |
|a Mitchell, George P.
|q (George Phydias),
|d 1919-
|
| 650 |
|
0 |
|a Sustainable development
|x History.
|
| 650 |
|
0 |
|a Businesspeople
|z Texas.
|
| 650 |
|
0 |
|a Philanthropists
|z Texas.
|
| 655 |
|
4 |
|a Electronic books.
|
| 710 |
2 |
|
|a ProQuest (Firm)
|
| 856 |
4 |
0 |
|u https://ebookcentral.proquest.com/lib/matrademy/detail.action?docID=3037822
|z Click to View
|